000 01066nam a22002657a 4500
005 20170123164203.0
010 _a464283
020 _c5.00
035 _a464283
037 _bCen Lib/Ret
040 _aDPL
_bPN
082 _a136.1
_bਮਿਸ਼ਨ
100 _aਮਿਸ਼ਨ ਏ. ਤੂਰ
_9138758
245 _aਆਪਣੇ ਬਾਲ ਨ ਸੰਜੋਹ /
_c ਅਕਾਦਮੀਸ਼ਨ ਏ. ਤੁਰ ; ਅਨੁਵਾਦਕ ਜਸਵੰਤ ਗਿੱਲ
246 _aApne bal nu samjoh /
_bby Akādamīshana E Tūra ; Jaswant Gill
260 _aਦਿੱਲੀ
_bਨਵਜੁਗ ਪਬਲਿਸ਼ਰਜ਼
_c2005
270 _aਚਾਂਦਨੀ ਕੋਕ
_bਦਿੱਲੀ
300 _a307p.
_c27cm(Hb)
650 _aHealth care
_910055
650 _aHealth Sciences
_vBaby care
_9112692
650 _aਹੈਲਥ ਕੇਅਰ
_91541
650 _aਸਿਹਤ ਵਿਗਿਆਨ --
_vਬੇਬੀ ਕੇਅਰ
_9131869
700 _aਗਿੱਲ, ਜਸਵੰਤ
_9138759
942 _2ddc
_cPN
_h136.7
_mਮਿਸ਼ਨ
999 _c111202
_d111202